00205nam a2200073Ia 4500008004100000100002100041245005200062260001700114170817s9999 xx 000 0 und d aLAL RAMAN BIHARI 0aSIKSHA KE DARSHNIK EVAM SAMAJ SHASTRIYA SIDHANT bRASTOGI PUB.